Normal view
MARC view
Entry Personal Name
001 - CONTROL NUMBER
- control field: 17420
003 - CONTROL NUMBER IDENTIFIER
- control field: OSt
005 - DATE AND TIME OF LATEST TRANSACTION
- control field: 20240618100729.0
008 - FIXED-LENGTH DATA ELEMENTS
- fixed length control field: 240618|| aca||aabn | a|a d
040 ## - CATALOGING SOURCE
- Original cataloging agency: OSt
- Transcribing agency: OSt
100 ## - HEADING--PERSONAL NAME
- Personal name: Jastrow,Robert
670 ## - SOURCE DATA FOUND
- Source citation: Work cat.: (OSt)8592: Jastrow,Robert, Origins of life in the universe/, c2008.
